Complete Joe Pass. (Record no. 293)

MARC details
000 -LEADER
fixed length control field 01379ccm a2200397 a 4500
001 - CONTROL NUMBER
control field 13533954
005 - DATE AND TIME OF LATEST TRANSACTION
control field 20200421093825.0
008 - FIXED-LENGTH DATA ELEMENTS--GENERAL INFORMATION
fixed length control field 040323s2003 moustz r n d
010 ## - LIBRARY OF CONGRESS CONTROL NUMBER
LC control number 2004560328
020 ## - INTERNATIONAL STANDARD BOOK NUMBER
International Standard Book Number 0786667478
024 1# - OTHER STANDARD IDENTIFIER
Standard number or code 796279088022
024 3# - OTHER STANDARD IDENTIFIER
Standard number or code 9780786667475
028 32 - PUBLISHER OR DISTRIBUTOR NUMBER
Publisher or distributor number MB99311
Source Mel Bay
035 ## - SYSTEM CONTROL NUMBER
System control number (OCoLC)ocm52606954
040 ## - CATALOGING SOURCE
Original cataloging agency BTS
Transcribing agency BTS
Modifying agency DLC
041 0# - LANGUAGE CODE
Language code of accompanying material other than librettos and transcripts eng
042 ## - AUTHENTICATION CODE
Authentication code lccopycat
047 ## - FORM OF MUSICAL COMPOSITION CODE
Form of musical composition code jz
-- st
048 ## - NUMBER OF MUSICAL INSTRUMENTS OR VOICES CODE
Performer or ensemble tb01
050 00 - LIBRARY OF CONGRESS CALL NUMBER
Classification number MT582
Item number .P246 2003
100 1# - MAIN ENTRY--PERSONAL NAME
Personal name Pass, Joe,
Dates associated with a name 1929-1994.
9 (RLIN) 1427
245 10 - TITLE STATEMENT
Title Complete Joe Pass.
246 3# - VARYING FORM OF TITLE
Title proper/short title Mel Bay presents Complete Joe Pass
260 ## - PUBLICATION, DISTRIBUTION, ETC.
Place of publication, distribution, etc. Pacific, MO :
Name of publisher, distributor, etc. Mel Bay,
Date of publication, distribution, etc. c2003.
300 ## - PHYSICAL DESCRIPTION
Extent 216 p. of music ;
Dimensions 30 cm.
440 #4 - SERIES STATEMENT/ADDED ENTRY--TITLE
Title The guitar masters series
9 (RLIN) 1428
500 ## - GENERAL NOTE
General note Jazz guitar method and transcribed solos and duets.
500 ## - GENERAL NOTE
General note At head of title: Mel Bay presents.
505 0# - FORMATTED CONTENTS NOTE
Formatted contents note Transcriptions: Bay City blues -- Foxy chick and a cool cat -- Time in -- Blues in G -- Dante's Inferno -- Grēte -- Bonnie -- Jazz waltz -- Some of these days -- G blues -- Hot stuff -- Ballad.
650 #0 - SUBJECT ADDED ENTRY--TOPICAL TERM
Topical term or geographic name entry element Guitar
Form subdivision Methods (Jazz)
9 (RLIN) 1429
650 #0 - SUBJECT ADDED ENTRY--TOPICAL TERM
Topical term or geographic name entry element Jazz
General subdivision Instruction and study.
9 (RLIN) 1430
650 #0 - SUBJECT ADDED ENTRY--TOPICAL TERM
Topical term or geographic name entry element Guitar music (Jazz)
9 (RLIN) 1431
906 ## - LOCAL DATA ELEMENT F, LDF (RLIN)
a 7
b cbc
c copycat
d 4
e ncip
f 20
g y-genmusic
942 ## - ADDED ENTRY ELEMENTS (KOHA)
Source of classification or shelving scheme Dewey Decimal Classification
Koha item type Books
Holdings
Withdrawn status Lost status Damaged status Not for loan Collection Home library Current library Shelving location Date acquired Barcode Date last seen Price effective from Koha item type
        Reference Fairview Fairview General stacks 09/04/2014 39999000012859 09/04/2014 09/04/2014 Books
        Reference Midway Midway General stacks 09/04/2014 39999000012873 09/04/2014 09/04/2014 Books